| 000 | 01214nam0a22002651 4500 | ||
|---|---|---|---|
| 001 | rc\2780343 | ||
| 005 | 20250806210016.0 | ||
| 035 | _a(NLR Aleph) 006906580 | ||
| 090 |
_a12688 _c12688 |
||
| 100 | _a20110915d1942 u y0rusy50 ca | ||
| 101 | 0 | _arus | |
| 102 | _aRU | ||
| 105 | _aa z ||||| | ||
| 200 | 1 |
_aУказания по изготовлению и применению деревянных сверленых и звеньевых клепочных труб для водоснабжения в условиях военного времени _eУтв. 30/VI 1942 г. _fРазработ. Всесоюз. науч.-исслед. ин-том Водгео |
|
| 210 |
_a[Москва] _cСтройиздат _d1942 |
||
| 215 |
_a67 с. _cил. _d19 см. |
||
| 225 | 1 |
_aУказания _fСССР. Нар. ком. по строительству. Техн. упр. _vУ-44-42 |
|
| 712 | 0 | 1 |
_aСССР _bНародный ком. по строительству _bТехническое упр. |
| 801 | 0 |
_aRU _bNLR _gpsbo |
|
| 801 | 1 |
_aRU _bELAR _2rusmarc |
|
| 852 |
_aNLR _j66-4/15173 |
||
| 942 | _cBOOK | ||
| 945 | _aРоссийская национальная библиотека | ||
| 980 | _aNB | ||
| 980 | _aBV | ||